header

ASEAN environmental law, policy, and governance (Record no. 105059)

MARC details
000 -LEADER
fixed length control field 01198nam a22003014a 4500
245 00 - TITLE STATEMENT
Title ASEAN environmental law, policy, and governance
260 ## - PUBLICATION, DISTRIBUTION, ETC. (IMPRINT)
Place of publication Singapore ;
-- Hackensack, N.J. :
Name of publisher World Scientific,
Year of publication c2009-
300 ## - PHYSICAL DESCRIPTION
Number of Pages v. <1>.
650 #0 - SUBJECT ADDED ENTRY--TOPICAL TERM
Topical Term Environmental law
700 1# - ADDED ENTRY--PERSONAL NAME
Personal name Koh, Kheng Lian.
856 40 - ELECTRONIC LOCATION AND ACCESS
Uniform Resource Identifier http://site.ebrary.com/lib/rucke/Doc?id=10361869

No items available.

© 2026 Rongo University
Contact us: librarian | system librarian | Rongo university